000 00744cam a22002653a 4500
001 10337
003 PGUSA
005 20140828083223.0
008 031101s2003||||xxu|||||s|||||000 1 eng d
040 _aPGUSA
_beng
042 _adc
050 4 _aPR
100 1 _aGarnett, David,
_d1892-1981
245 1 0 _aLady into Fox
_h[electronic resource] /
_cDavid Garnett
260 _bProject Gutenberg,
_c2003
506 _aPublic domain in the USA.
516 _aElectronic text
653 _aMetamorphosis -- Fiction
653 _aFoxes -- Fiction
653 _aFantasy fiction, English
700 1 _aGarnett, R. A.
_q(Rachel Alice)
830 0 _aProject Gutenberg
_v10337
856 4 0 _uhttp://www.gutenberg.org/ebooks/10337
942 _cEB
999 _c239592
_d239592